000 00714nam a22002177a 4500
003 OSt
005 20230118113412.0
008 221006b |||||||| |||| 00| 0 eng d
020 _a1-879128-29-2
040 _cBiblioteca Lado V
082 _a708
_bH557a
100 _9288
_aHernandez Chong Cuy, Sofia
_eeditor
_ecuradora
245 _aAllora & Calzadilla/
260 _bAmericas Society and the authors
_c2005
_aNew York
300 _a100p.
_c22x28cm
650 _2Tesauro de Arte & Arquitectura
_aEXHIBICION
650 _2Tesauro de Arte & Arquitectura
_aARTE
650 _2Tesauro de Arte & Arquitectura
_aCRITICA
700 _aEspinel, Monica
_etextos
942 _2ddc
_c1
_h708
_iH557a
_n0
999 _c2470
_d2470